La División de poderes: El gobierno /

में बचाया:
ग्रंथसूची विवरण
मुख्य लेखक: Monreal, Antoni
अन्य लेखक: López Guerra, Luis, Blanco, Roberto L., Pérez Francesch, Joan Lluís
स्वरूप: मूलपाठ
प्रकाशित: Barcelona: Institut de Ciències Polítiques i Socials
टैग: टैग जोड़ें
कोई टैग नहीं, इस रिकॉर्ड को टैग करने वाले पहले व्यक्ति बनें!

MARC

LEADER 00000 a a2200000 04500
001 34384
003
040
090 |a 0002 M752d  
100 |a Monreal, Antoni  
245 |a La División de poderes: El gobierno /  |c Antoni Monreal 
260 |a Barcelona:   |b Institut de Ciències Polítiques i Socials  
300 |a 78 p.  
700 |a   
700 |a López Guerra, Luis  
700 |a Blanco, Roberto L.  
700 |a Pérez Francesch, Joan Lluís  
999 |c 10392  |d 10392